000
00332nam a2200133Ia 4500
008
191201s2016 xx 000 0 und d
100
_a
CHATURVEDI, Aditya
245
0
_a
Fundamentals of Digital Electronics
250
_a
-
260
_c
2016
_b
Khanna Publisher
_a
New Delhi
300
_a
350
650
_a
IT 4TH SEM
942
_2
ddc
_c
BB
999
_c
7741
_d
7741